| 000 | 00605nam a22001697a 4500 | ||
|---|---|---|---|
| 999 |
_c17692 _d17692 |
||
| 008 | 221212b ||||| |||| 00| 0 eng d | ||
| 020 | _a9781529730869 | ||
| 082 |
_22022 _aDC 300.722 _bEi24 |
||
| 100 |
_aEichsteller, Marta J. _946960 |
||
| 245 |
_aBiographical research methods / _cMarta J. Eichsteller and Howard Davis. |
||
| 260 |
_aLos Angeles : _bSage, _c©2022. |
||
| 300 |
_ax, 217 ; _c24 cm. |
||
| 500 | _aIncludes appendices, bibliographical references and index. | ||
| 650 |
_aSocial sciences _xBiographical methods. _946961 |
||
| 700 |
_aDavis, Howard, _eauthor. _946962 |
||
| 942 |
_2ddc _cDC |
||